| 000 | 00752aam a2200289 4500 | ||
|---|---|---|---|
| 005 | 20160921114534.0 | ||
| 008 | 150309b xxu||||| |||| 00| 0 spa d | ||
| 041 | _aspa | ||
| 082 | _a155 P213p | ||
| 100 |
_aPapalia, Diane _921509 |
||
| 245 | _aPsicología del desarrollo | ||
| 250 | _a8 edición | ||
| 260 | _aColombia | ||
| 260 | _bMcGraw-Hill | ||
| 260 | _c2001 | ||
| 300 | _a837 páginas | ||
| 650 |
_aPSICOLOGÍA DEL DESARROLLO _9233 |
||
| 650 |
_aINFANCIA _921812 |
||
| 650 |
_aHERENCIA _91797 |
||
| 650 |
_aNACIMIENTO _921813 |
||
| 650 |
_aDESARROLLO FÍSICO _915515 |
||
| 650 |
_aDESARROLLO COGNITIVO _921645 |
||
| 650 |
_aMALTRATO INFANTIL _921814 |
||
| 650 |
_aADOLESCENCIA _921815 |
||
| 650 |
_aGENÉTICA _91362 |
||
| 942 | _cBK | ||
| 999 |
_c955 _d955 |
||